North American General Knowledge - Statistics

General Stats
  • This quiz has been taken 83 times
    49 since last reset
  • The average score is 8 of 12
Answer Stats
Question Answer % Correct
The USA has how many states? 50
100%
What is the largest country in North America? Canada
100%
What body of water is on the southern coast of the USA and the eastern coast of Mexico? Gulf of Mexico
95%
Havana is the Capital of what North American country? Cuba
90%
What is the smallest U.S state? Rhode Island
90%
North America has how many mainland countries? 10
68%
What is the southern-most country in North America? Panama
68%
What sea surrounds most of North America's countries? Caribbean Sea
63%
San Jose is a city in the USA, but also is the Capital City in what country? Costa Rica
63%
What is the smallest province in Canada? Prince Edward Island
48%
What is the smallest country in North America? Saint Kitts and Nevis
33%
What is the capital of St. Lucia? Castries
20%
No matching quizzes found
Score Distribution
Percent of People with Each Score
Percentile by Number Answered
Your Score History
You have not taken this quiz since the last reset